000 00347nam a2200133Ia 4500
005 20260328101526.0
008 260328s9999||||xx |||||||||||||| ||und||
100 _aBrubaker, William
245 0 _aPlanning and Designing schools /
_cWilliam Brubaker
260 _bMcGraw Hill
300 _a203 p.
650 _aARQUITECTURA - CULTURA
942 _cBK
999 _c9804
_d9804